Vista normal
Vista MARC
- Huete García, Agustín
Entrada Nombre de persona
Número de registros utilizados en: 8
001 - NÚMERO DE CONTROL
- campo de control: 92
003 - IDENTIFICADOR DEL NÚMERO DE CONTROL
- campo de control: ES-MaFIAP
005 - FECHA Y HORA DE LA ÚLTIMA TRANSACCIÓN
- campo de control: 20220913105425.0
008 - DATOS DE LONGITUD FIJA
- campo de control de longitud fija: 220913|| aca||aabn | a|a d
040 ## - FUENTE DE LA CATALOGACIÓN
- Centro catalogador/agencia de origen: ES-MaFIAP
- Centro/agencia transcriptor: ES-MaFIAP
100 ## - ENCABEZAMIENTO-NOMBRE DE PERSONA
- Nombre de persona: Huete García, Agustín
670 ## - FUENTE DE DATOS ENCONTRADOS
- Cita de la fuente: Work cat.: (ES-MaFIAP)25: Huete García, Agustín XX1617307, Modelo de Plan de Acción Local para la Inclusión de las Personas con Discapacidad, 2012-2015 /, 2011





